| 000 | 00486cam a2200193 4500 | ||
|---|---|---|---|
| 001 | B1511 | ||
| 008 | 090401t1981 xxu||||| |||| 00| 0 eng d | ||
| 035 | _a(Sirsi) u44848 | ||
| 041 | _aeng | ||
| 050 | _a333.337 | ||
| 110 |
_aHillier Parker Research _92002 |
||
| 245 | _aOffice rent contours. - June 1981 | ||
| 260 |
_aLondon _bHillier Parker May and Rowden _c1981 |
||
| 300 | _a(7)p. : ill.,maps ; 30cm. | ||
| 350 | _a0 | ||
| 650 | _aOFFICES | ||
| 942 | _n0 | ||
| 948 | _c04/03/1997 | ||
| 999 |
_c91607 _d91607 |
||